01056cam a22002531 4500001001300000003000400013005001700017008004100034010001700075040008000092050002300172111008500195245001200280260009200292300003100384500001600415500007900431500004400510650007700554710004100631740006100672740005200733999001700785hew67000005 DLC20260227111515.0770304s1966 dcua f100 0 eng c ahew67000005  aU.S. Dept. of Health, Education, and Welfare. LibrarycWMaUCSdWMaUCSdDLC00aLC4091b.N32 1966c2 aNational Conference on Education of the Disadvantaged,cWashington, D.C.,d1966.00aReport. a[Washington]bU.S. Dept. of Health, Education, and Welfare, Office of Educationc[1966] avii, 86 p.billus.c27 cm. a"OE-37004." aAt head of title: Title I, Elementary and secondary education act of 1965. a"Sponsored by the Office of Education." 0aChildren with social disabilitiesxEducationzUnited StatesvCongresses.1 aUnited States.bOffice of Education.0 aTitle I, Elementary and secondary education act of 1965.0 aElementary and secondary education act of 1965. c34663d34663